000 01071cam a2200325 a 4500
001 13346940
003 OSt
005 20230602103841.0
008 030218s2002 ke b 001 0 eng
010 _a 2002457447
020 _a9966915486
035 _a(DLC) 2002457447
040 _aDLC
_cDLC
_dDLC
042 _alcode
043 _af-ke---
082 0 0 _a320.9
_bMUT
245 0 0 _aBuilding an open society :
_bthe politics of transition in Kenya /
_cedited by Wanza Kioko, Lawrence Murugu Mute, S. Kichamu Akivaga.
260 _aNairobi :
_bClaripress,
_c2002.
300 _avii, 385 p. ;
_c21 cm.
504 _aIncludes bibliographical references (p. 351-367) and index.
650 0 _aDemocratization
_zKenya.
651 0 _aKenya
_xPolitics and government
_y2002-
651 0 _aKenya
_xPolitics and government
_y1978-2002.
700 1 _aKioko, Wanza.
700 1 _aMute, Lawrence M.
700 1 _aAkivaga, S. Kichamu.
906 _a7
_bcbc
_corigode
_d3
_encip
_f20
_gy-gencatlg
942 _2ddc
_cBK
999 _c64
_d64